000 00445nam a2200109Ia 4500
008 160909s9999 xx 000 0 und d
100 _aMurray, Gregory R.
245 _aExamining the Relationship Between Work-Life Cooperation and Organizational Sustainability in a Unionized Environment
260 _bThe George Washington University.
_c2016
650 _aFINANCIAL MANAGEMENT
856 _uhttp://pqdtopen.proquest.com/doc/1755656592.html?FMT=ABS
999 _c304562
_d304562